Accounting Information Systems Principles, Applications, and Future Directions
Saved in:
| Main Author: | |
|---|---|
| Other Authors: | |
| Format: | Book |
| Language: | English |
| Published: |
Englewood Cliffs
Prentice Hall
1988
|
| Edition: | 1. ed. |
| Tags: |
No Tags, Be the first to tag this record!
|
MARC
| LEADER | 00000nam a2200000 4500 | ||
|---|---|---|---|
| 001 | c034854 | ||
| 005 | 20221219115430.4 | ||
| 041 | 0 | |a eng | |
| 044 | |a US | ||
| 245 | 1 | 0 | |a Accounting Information Systems |b Principles, Applications, and Future Directions |c Mawdudur Rahman, Maurice Halladay |
| 250 | |a 1. ed. | ||
| 264 | 1 | |a Englewood Cliffs |b Prentice Hall |c 1988 | |
| 300 | |a 430 s. | ||
| 100 | 1 | |a Rahman, Mawdudur | |
| 700 | 1 | |a Halladay, Maurice | |